|
|
|
|
| LEADER |
00000cam a2200000 i 4500 |
| 001 |
1/42799 |
| 008 |
070327s1987 eng d |
| 020 |
|
|
|a 0-86187-955-4
|
| 035 |
|
|
|l 10087440
|
| 040 |
|
|
|a GR-MY-UA
|b gre
|e aacr
|
| 041 |
0 |
|
|a eng
|
| 082 |
0 |
|
|a 945.0928
|2 (22)
|
| 245 |
1 |
0 |
|a Italian politics :
|b a review /
|c a publication of the Conference Group on Italian Politics and the Carlo Cattaneo Institute
|
| 260 |
|
|
|a London ; :
|a Wolfeboro :
|b Pinter,
|c c1988
|
| 300 |
|
|
|a xv, 185 σ.;
|c 24 εκ.
|
| 504 |
|
|
|a Περιλαμβάνει βιβλιογραφίες. Ευρετήριο
|
| 651 |
|
0 |
|a Italy
|x Politics and government
|y 1976-1994.
|
| 651 |
|
0 |
|a Italy
|x Politics and government.
|
| 700 |
1 |
|
|a Leonardi, Robert.
|
| 700 |
1 |
|
|a Nanetti, Raffaella.
|
| 710 |
2 |
|
|a Instituto Carlo Cataneo.
|
| 852 |
|
|
|a INST
|b RHODES
|e 20070327
|h 945.0928 ITA
|p 005400026812
|q 005400026812
|t BK
|y 0
|
| 901 |
|
|
|a BIBL4-2007-1
|
| 909 |
|
|
|a Ρ
|b 122035
|
| 970 |
|
|
|a ΜΙΣΣΟΣ
|b ΣΤΑΥΡΟΣ
|z 2007/03/27
|